Reichsführers gehorsamster Becher : eine deutsche Karriere / Karla Müller-Tupath.
Record details
- ISBN: 3-351-02494-0
- Physical Description: 239 p. ; 22 cm
- Edition: 1. Aufl.
- Publisher: Berlin : Aufbau-Verlag, 1999
Content descriptions
| Bibliography, etc. Note: | Includes bibliographical references |
Available copies
- 1 of 1 copy available at Common Catalog SPOK.
Holds
- 0 current holds with 1 total copy.
Show Only Available Copies
| Location | Call Number / Copy Notes | Barcode | Shelving Location | Status | Due Date |
|---|---|---|---|---|---|
| Terezin Initiative Institute | 2639 | 4594302639 | Knihovna ITI | Available | - |
| LDR | 01117cam a2200313 a 4500 | ||
|---|---|---|---|
| 001 | 49527 | ||
| 003 | CZ-PrJAB | ||
| 005 | 20220831113605.0 | ||
| 008 | 991027s1999 gw b 000 0bger | ||
| 020 | . | ‡a3-351-02494-0 | |
| 035 | . | ‡a(GyWOH)har005092443 | |
| 040 | . | ‡aDLC ‡cDLC ‡dDLC | |
| 100 | 1 | . | ‡aMüller-Tupath, Karla ‡4aut |
| 245 | 1 | 0. | ‡aReichsführers gehorsamster Becher : ‡beine deutsche Karriere / ‡cKarla Müller-Tupath. |
| 250 | . | ‡a1. Aufl. | |
| 260 | . | ‡aBerlin : ‡bAufbau-Verlag, ‡c1999 | |
| 300 | . | ‡a239 p. ; ‡c22 cm | |
| 504 | . | ‡aIncludes bibliographical references | |
| 910 | . | ‡aABE340 ‡b2639 | |
| 995 | . | ‡aska | |
| 901 | . | ‡a49527 ‡bAUTOGEN ‡c49527 ‡tbiblio | |